Ateneo de Madrid (Record no. 175060)

MARC details
000 -LEADER
campo de control de longitud fija 01604nam a2200385 i 4500
001 - NÚMERO DE CONTROL
campo de control 175060
003 - IDENTIFICADOR DE NÚMERO DE CONTROL
campo de control ES-MaACL
005 - FECHA Y HORA DE LA ÚLTIMA TRANSACCIÓN
campo de control 20250622051427.0
008 - DATOS DE LONGITUD FIJA--INFORMACIÓN GENERAL
campo de control de longitud fija 101004s1984 sp a |||| |dspa d
080 ## - NÚMERO DE LA CLASIFICACIÓN DECIMAL UNIVERSAL
Número de la Clasificación Decimal Universal 75 Aparicio, Eduarda (064.3)
080 ## - NÚMERO DE LA CLASIFICACIÓN DECIMAL UNIVERSAL
Número de la Clasificación Decimal Universal 75 Gangutia, Clara (064.3)
080 ## - NÚMERO DE LA CLASIFICACIÓN DECIMAL UNIVERSAL
Número de la Clasificación Decimal Universal 75 González Fernández, Roberto (064.3)
080 ## - NÚMERO DE LA CLASIFICACIÓN DECIMAL UNIVERSAL
Número de la Clasificación Decimal Universal 75 López Arigita, Eduardo (064.3)
080 ## - NÚMERO DE LA CLASIFICACIÓN DECIMAL UNIVERSAL
Número de la Clasificación Decimal Universal 75 Luengo, César (064.3)
245 00 - MENCIÓN DEL TÍTULO
Título Ateneo de Madrid
Resto del título : [Sala de Exposiciones de Santa Catalina : del 15 al 31 de diciembre] /
Mención de responsabilidad, etc. Eduarda Aparicio, Clara Gangutia, Roberto González Fernández, Eduardo López Arigita, César Luengo.
260 ## - PUBLICACIÓN, DISTRIBUCIÓN, ETC.
Lugar de publicación, distribución, etc. [Madrid :
Nombre del editor, distribuidor, etc. Ateneo de Madrid,
Fecha de publicación, distribución, etc. 1984]
300 ## - DESCRIPCIÓN FÍSICA
Extensión [20] p. :
Otras características físicas il. ;
Dimensiones 23 cm.
600 14 - PUNTO DE ACCESO ADICIONAL DE MATERIA--NOMBRE DE PERSONA
Nombre de persona Aparicio, Eduarda-
Subdivisión de forma Exposiciones.
9 (RLIN) 163467
600 04 - PUNTO DE ACCESO ADICIONAL DE MATERIA--NOMBRE DE PERSONA
Nombre de persona Gangutia, Clara-
Subdivisión general Exposiciones.
9 (RLIN) 53859
600 04 - PUNTO DE ACCESO ADICIONAL DE MATERIA--NOMBRE DE PERSONA
Nombre de persona González Fernández, Roberto-
Subdivisión general Exposiciones.
9 (RLIN) 58627
600 14 - PUNTO DE ACCESO ADICIONAL DE MATERIA--NOMBRE DE PERSONA
Nombre de persona López Arigita, Eduardo-
Subdivisión de forma Exposiciones.
9 (RLIN) 143412
600 14 - PUNTO DE ACCESO ADICIONAL DE MATERIA--NOMBRE DE PERSONA
Nombre de persona Luengo, César-
Subdivisión de forma Exposiciones.
9 (RLIN) 143413
610 24 - PUNTO DE ACCESO ADICIONAL DE MATERIA--NOMBRE DE ENTIDAD CORPORATIVA
Nombre de entidad corporativa o nombre de jurisdicción como elemento de entrada Ateneo de Madrid-
Subdivisión de forma Exposiciones-
Subdivisión cronológica 1980-1990
9 (RLIN) 1922
655 #7 - TERMINO DE INDIZACIÓN--GENERO/FORMA
Fuente del término tgfbne
9 (RLIN) 193628
Datos o término principal de género/forma Catálogos de exposiciones
700 1# - ENTRADA AGREGADA--NOMBRE PERSONAL
Nombre de persona Aparicio, Eduarda.
9 (RLIN) 143409
700 1# - ENTRADA AGREGADA--NOMBRE PERSONAL
Nombre de persona Gangutia, Clara.
9 (RLIN) 53858
700 1# - ENTRADA AGREGADA--NOMBRE PERSONAL
Nombre de persona González Fernández, Roberto.
9 (RLIN) 58626
700 1# - ENTRADA AGREGADA--NOMBRE PERSONAL
Nombre de persona López Arigita, Eduardo.
9 (RLIN) 143410
700 1# - ENTRADA AGREGADA--NOMBRE PERSONAL
Nombre de persona Luengo, César.
9 (RLIN) 143411
710 2# - ENTRADA AGREGADA--NOMBRE DE ENTIDAD CORPORATIVA
Nombre de entidad corporativa o nombre de jurisdicción como elemento de entrada Ateneo de Madrid.
Unidad subordinada Sección de Artes Plásticas.
9 (RLIN) 1970
710 2# - ENTRADA AGREGADA--NOMBRE DE ENTIDAD CORPORATIVA
Nombre de entidad corporativa o nombre de jurisdicción como elemento de entrada Ateneo de Madrid.
Unidad subordinada Sala de Santa Catalina.
9 (RLIN) 1964
852 ## - LOCALIZACIÓN
Ubicación ES-MaACL
Número de control de estantería 2257-F-24
942 ## - ELEMENTOS DE ENTRADA SECUNDARIOS (KOHA)
Fuente del sistema de clasificación o colocación Clasificación decimal universal
Holdings
Estatus retirado Estado de pérdida Fuente del sistema de clasificación o colocación Estado de daño No para préstamo Colección Biblioteca de origen Biblioteca actual Ubicación en estantería Fecha de adquisición Total de préstamos Signatura topográfica completa Código de barras Visto por última vez Precio de reemplazo Tipo de ítem Koha
    Clasificación decimal universal     Colección de folletos Biblioteca del Ateneo de Madrid Biblioteca del Ateneo de Madrid Depósito folletos 04/10/2010   2257-F-24 1183817 23/02/2023 23/02/2023 Folleto